000
00333nam a2200133Ia 4500
008
240624s9999 xx 000 0 und d
041
_a
eng
082
_a
658.8 McD
100
_a
MCDONALD MALCOLM
245
_a
MALCOLM MCDONALD ON MARKETING PLANNING U
260
_c
2007
_a
London
_b
Kogan Page
300
_a
208 : p.
365
_c
RS
_b
30
999
_c
25349
_d
25349